000 00558nam a2200205Ia 4500
005 20250508165545.0
008 008 250505s9999 xx 000 0 hin d
020 _a978-81-7975-603-4
037 _aTextual
040 _aFEDL
_beng
_cFEDL
041 _ahin
_2eng
084 _a891.437, TIW
_qFEDL
100 _aTiwari Arvind
_9724269
245 0 _aHead office ke girgit
260 _aNew Delhi, India
_bKitabghar Prakashan
_c2014
300 _a176p.
365 _aINR
_b300
942 _cTEXL
_h891.437, TIW
999 _c1395848
_d1395848